Single-and mixed-gender colleges for women : education and occupational outcomes (Record no. 76968)

MARC details
000 -CABECERA
campo de control de longitud fija 00691nam a2200241 a 4500
005 - FECHA Y HORA DE LA ÚLTIMA TRANSACCIÓN
campo de control 20210219153436.0
008 - ELEMENTOS DE LONGITUD FIJA--INFORMACIÓN GENERAL
campo de control de longitud fija 991125n 000 0 u
035 ## - NÚMERO DE CONTROL DEL SISTEMA
Número de control de sistema UPN01000100116
100 ## - ASIENTO PRINCIPAL--NOMBRE PERSONAL
Nombre de persona Riordan, Cornelius
222 ## - TÍTULO CLAVE
Título clave REVIEW OF HIGHER EDUCATION
245 ## - MENCIÓN DE TÍTULO
Título Single-and mixed-gender colleges for women : education and occupational outcomes
300 ## - DESCRIPCIÓN FÍSICA
Extensión 327-346
362 ## - FECHAS DE PUBLICACIÓN Y/O DESIGNACIÓN SECUENCIAL
Fecha de publicación y/o designación secuencial 1992 15, No. 3
505 ## - NOTA DE CONTENIDO CON FORMATO PREESTABLECIDO
Nota de contenido con formato Mayo 1993
653 0# - TERMINO DE INDIZACION - NO CONTROLADO
Término no controlado COEDUCACION
653 0# - TERMINO DE INDIZACION - NO CONTROLADO
Término no controlado COLEGIOS DE SEXOS UNICOS
653 0# - TERMINO DE INDIZACION - NO CONTROLADO
Término no controlado EDUCACION DE MUJERES
653 0# - TERMINO DE INDIZACION - NO CONTROLADO
Término no controlado LOGRO EDUCATIVO
653 0# - TERMINO DE INDIZACION - NO CONTROLADO
Término no controlado MODELOS DE EMPLEO
653 0# - TERMINO DE INDIZACION - NO CONTROLADO
Término no controlado RESULTADOS DE LA EDUCACION
904 ## - ELEMENTOS DE DATOS D LOCAL, LDD (RLIN)
a AC
b 037927
905 ## - TIPO DE MATERIAL
Tipo de material Articulo

No items available.